00235nam a2200097Ia 4500008004100000100002100041245002500062260001300087260002000100999001700120170620s9999 xx 000 0 und d aAiyars ramanatha 0aadvanced Law Lexicon b"Delhi  c wadhwa nagpur" c29184d29184